Commission for New Towns and another v J J Gallagher Ltd (Record no. 71942)
[ view plain ]
| 000 -LEADER | |
|---|---|
| fixed length control field | 01714cam a2200265 4500 |
| 001 - CONTROL NUMBER | |
| control field | ABS66385 |
| 008 - FIXED-LENGTH DATA ELEMENTS--GENERAL INFORMATION | |
| fixed length control field | 030121n2002 000 0 eng u |
| 035 ## - SYSTEM CONTROL NUMBER | |
| System control number | (Sirsi) u121078 |
| 245 ## - TITLE STATEMENT | |
| Title | Commission for New Towns and another v J J Gallagher Ltd |
| 260 ## - PUBLICATION, DISTRIBUTION, ETC. | |
| Date of publication, distribution, etc. | 2002 |
| 490 ## - SERIES STATEMENT | |
| Series statement | Estates Gazette |
| Volume/sequential designation | [2003] 01 EG 67 (CS) |
| 490 ## - SERIES STATEMENT | |
| Series statement | Property. Planning and Compensation Reports |
| Volume/sequential designation | [2003] 2 P&CR 24-57(34) |
| 520 ## - SUMMARY, ETC. | |
| Summary, etc. | [2002] EWHC 2668 (Ch), 6 November 2002. In 1971 the defendant's (G) predecessor executed a conveyance in favour of land known as Wynates Triangle which was bounded on two sides by major roads and on the third side by little used Beoley Lane. Now that the land was to be developed as housing, requiring access by a lane rather than the two major roads bordering the other two sides, G made a ransom claim to the lane and that ownership of the lane had not passed to C in the 1971 conveyance. No proof of this could be found in the 1971 conveyance to support either side so the case was judged on evidence of physical character and historical use of the lane and what presumptions might be applied. "Held": the lane belonged to C and it had been dedicated for use as a public carriageway. C could not rely on the Law of Property Act 1925 s62 or 'highway presumption' (applicable where the vendor owned property on one side only). |
| 590 ## - LOCAL NOTE (RLIN) | |
| Local note | ABS |
| 650 ## - SUBJECT ADDED ENTRY--TOPICAL TERM | |
| Topical term or geographic name entry element | HIGHWAYS |
| 650 ## - SUBJECT ADDED ENTRY--TOPICAL TERM | |
| Topical term or geographic name entry element | BRIDLEWAYS |
| 650 ## - SUBJECT ADDED ENTRY--TOPICAL TERM | |
| Topical term or geographic name entry element | DEVELOPMENT LAND |
| 650 ## - SUBJECT ADDED ENTRY--TOPICAL TERM | |
| Topical term or geographic name entry element | HOUSING DEVELOPMENTS |
| 650 ## - SUBJECT ADDED ENTRY--TOPICAL TERM | |
| Topical term or geographic name entry element | NEW TOWNS COMMISSION AND ANOTHER V J J GALLAGHER LTD |
| 650 ## - SUBJECT ADDED ENTRY--TOPICAL TERM | |
| Topical term or geographic name entry element | CONVEYANCING |
| 650 ## - SUBJECT ADDED ENTRY--TOPICAL TERM | |
| Topical term or geographic name entry element | RANSOM STRIPS |
| 650 ## - SUBJECT ADDED ENTRY--TOPICAL TERM | |
| Topical term or geographic name entry element | LAW OF PROPERTY 1925 S62 |
| 690 ## - LOCAL SUBJECT ADDED ENTRY--TOPICAL TERM (OCLC, RLIN) | |
| Topical term or geographic name as entry element | PROPERTY AND LAND LAW-CASE LAW |
| 942 ## - ADDED ENTRY ELEMENTS (KOHA) | |
| Suppress in OPAC | 0 |
| Withdrawn status | Lost status | Source of classification or shelving scheme | Damaged status | Not for loan | Home library | Current library | Shelving location | Date acquired | Total Checkouts | Full call number | Barcode | Date last seen | Copy number | Price effective from | Koha item type |
|---|---|---|---|---|---|---|---|---|---|---|---|---|---|---|---|
| Dewey Decimal Classification | London | London | Journal article | 21/01/2003 | ABS66385 | 121078-1001 | 06/08/2019 | 1 | 06/08/2019 | Law report |